Transdisciplinary public health : research, education, and practice /

Bibliographic Details
Corporate Author: ProQuest (Firm)
Other Authors: Haire-Joshu, Debra (Editor), McBride, Timothy D. (Editor)
Format: eBook
Language:English
Published: San Francisco : Jossey-Bass, [2013]
Edition:First edition.
Subjects:
Online Access:Connect to the full text of this electronic book

MARC

Tag First Indicator Second Indicator Subfields
LEADER 00000cam a2200000 i 4500
001 in00004533539
005 20191008081520.0
006 m d
007 cr cn ||||||||
008 121128s2013 caua ob 001 0 eng
010 |a  2012047710 
019 |a 857807035  |a 961597237  |a 962578411  |a 966226013  |a 988451065  |a 991995993  |a 1037798076  |a 1038650394  |a 1045479478 
020 |a 9781118415344  |q (ePub) 
020 |a 1118415345  |q (ePub) 
020 |a 9781118418024  |q (PDF) 
020 |a 1118418026  |q (PDF) 
020 |a 9781118552957  |q (Mobipocket) 
020 |a 1118552954  |q (Mobipocket) 
020 |z 9780470621998  |q (paperback) 
020 |z 0470621990  |q (paperback) 
035 |a (OCoLC)ocn819741968 
035 |a (OCoLC)819741968  |z (OCoLC)857807035  |z (OCoLC)961597237  |z (OCoLC)962578411  |z (OCoLC)966226013  |z (OCoLC)988451065  |z (OCoLC)991995993  |z (OCoLC)1037798076  |z (OCoLC)1038650394  |z (OCoLC)1045479478 
040 |a DLC  |b eng  |e rda  |e pn  |c DLC  |d YDX  |d IDEBK  |d MHW  |d YDXCP  |d E7B  |d N$T  |d COO  |d OCLCF  |d TEFOD  |d DEBSZ  |d NLGGC  |d RECBK  |d AU@  |d TEFOD  |d MMU  |d OCLCQ  |d LOA  |d OCLCO  |d OCLCA  |d CASUM  |d OCLCO  |d COCUF  |d OCLCO  |d Z5A  |d MOR  |d CCO  |d OCLCO  |d PIFAG  |d VGM  |d OCLCO  |d ZCU  |d OCLCO  |d OCLCQ  |d MERUC  |d OCLCO  |d OCLCQ  |d SAV  |d OCLCQ  |d OCLCO  |d U3W  |d STF  |d WRM  |d NRAMU  |d ICG  |d VT2  |d OCLCQ  |d WYU  |d OCLCO  |d YOU  |d OCLCO  |d DKC  |d OCLCO  |d OCLCQ  |d TMV  |d UtOrBLW 
049 |a TMVM 
050 0 0 |a RA425 
060 1 0 |a WA 100 
060 4 |a WA 100  |b T772 2013eb 
245 0 0 |a Transdisciplinary public health :  |b research, education, and practice /  |c Debra Haire-Joshu and Timothy D. McBride, editors. 
250 |a First edition. 
264 1 |a San Francisco :  |b Jossey-Bass,  |c [2013] 
264 4 |c ©2013 
300 |a 1 online resource :  |b illustrations. 
336 |a text  |b txt  |2 rdacontent 
337 |a computer  |b c  |2 rdamedia 
338 |a online resource  |b cr  |2 rdacarrier 
500 |a Electronic resource. 
500 |a Description based on opening page (viewed Jun 03, 2019). 
504 |a Includes bibliographical references and index. 
505 0 |a Transdisciplinary public health : definitions, core characteristics, and strategies for success -- Transdisciplinary training and education -- Competencies in transdisciplinary public health -- Measuring success : an evaluation framework for transdisciplinary public health -- Transdisciplinary approaches : sorting out the socioeconomic determinants of poverty and health -- Transdisciplinary public policy : the roles of law and public health in creating public policy -- Sociocultural perspectives applied to transdisciplinary public health -- Evidence-based decision making : transdisciplinary problem solving to improve the health of the public -- Transdisciplinary methods in the prevention and control of maternal-child obesity -- Transdisciplinary approaches to violence and injury prevention and treatment among children and youth -- Transdisciplinary problem solving for integrating public health and social service systems to address health disparities -- Transdisciplinary problem solving for global hunger and undernutrition -- Implementing public health interventions in developing countries : a transdisciplinary solution for safe drinking water in rural India -- Indoor air pollution and respiratory health : a transdisciplinary vision. 
588 0 |a Online resource; title from resource home page (ebrary, viewed October 20, 2015). 
650 0 |a Public health.  |0 http://id.loc.gov/authorities/subjects/sh85108638 
650 0 |a Evidence-based medicine.  |0 http://id.loc.gov/authorities/subjects/sh97007984 
650 2 |a Public Health.  |0 (DNLM)D011634  |0 https://id.nlm.nih.gov/mesh/D011634 
650 2 |a Evidence-Based Practice.  |0 (DNLM)D055317  |0 https://id.nlm.nih.gov/mesh/D055317 
650 2 |a Interdisciplinary Communication.  |0 (DNLM)D033183  |0 https://id.nlm.nih.gov/mesh/D033183 
650 2 |a Public Policy.  |0 (DNLM)D011640  |0 https://id.nlm.nih.gov/mesh/D011640 
650 2 |a Socioeconomic Factors.  |0 (DNLM)D012959  |0 https://id.nlm.nih.gov/mesh/D012959 
655 7 |a Ebooks.  |2 local 
655 7 |a Electronic books.  |2 local 
700 1 |a Haire-Joshu, Debra,  |e editor.  |0 http://id.loc.gov/authorities/names/n89139516 
700 1 |a McBride, Timothy D.,  |e editor.  |0 http://id.loc.gov/authorities/names/no93011572 
710 2 |a ProQuest (Firm)  |0 http://id.loc.gov/authorities/names/n2007068018 
856 4 0 |u http://proxy.library.tamu.edu/login?url=http://ebookcentral.proquest.com/lib/tamum-ebooks/detail.action?docID=1184571  |z Connect to the full text of this electronic book  |t 0 
999 |a MARS 
999 f f |s 07a2586b-387b-36d1-93f3-1991ed4502d5  |i f96aabb1-6b34-3b63-98be-7001a17968b0  |t 0 
952 f f |a Texas A&M University  |b College Station  |c Electronic Resources  |d Available Online  |t 0  |e WA 100 T772 2013eb  |h National Library of Medicine classification 
998 f f |a WA 100 T772 2013eb  |t 0  |l Available Online